Les meilleurs titres de Linkin Park - Statistiques

Statistiques générales
  • Ce quiz a été pris 522 fois
  • Le résultat moyen est 8 sur 20
Statistiques - réponses
Réponse % Correct
1 Numb
98%
2 In the end
95%
3 Faint
68%
9 What i've done
66%
7 Crawling
64%
4 One Step Closer
59%
5 Papercut
59%
6 One more light
51%
8 Somewhere i belong
47%
15 Breaking the habit
46%
20 Bleed it out
41%
18 Burn it down
41%
12 Given up
36%
13 Lying from you
22%
14 The catalyst
19%
17 Lost in the echo
18%
11 Points of authority
11%
19 Guilty all the same
2%
16 When they come for me
1%
10 Wretches and kings
1%
Aucun quiz correspondant
Distribution des résultats
% des personnes avec chaque résultat
Percentile par nombre de réponses
Votre historique - résultats
Vous n’avez pas pris ce quiz